Statistics for Last Christmas Lyrics Quiz

Click here to take the quiz!

General Stats

  • This quiz has been taken 150 times
  • The average score is 27 of 35

Answer Stats

Lyrics% Correct
But the very next {day} you gave it away
100%
But the very next {day} you gave it away
100%
But the very next {day} you gave it away
100%
Last Christmas I gave you my {heart}
100%
Last Christmas I gave you my {heart}
100%
Last Christmas I gave you my {heart}
100%
I'll give it to someone {special}
97%
I'll give it to someone {special}
97%
I'll give it to someone {special}
97%
I'll give it to someone {special}, {special}
97%
{Special}
97%
This year, to save me from {tears}
93%
This year, to save me from {tears}
93%
This year, to save me from {tears}
93%
With a note saying "I {love} you", I meant it
88%
Now I know what a {fool} I've been
75%
A man under cover but you tore him {apart}
74%
A man under cover, but you tore me {apart}
74%
Well, it's been a year, it doesn't {surprise} me
74%
I keep my {distance}, but you still catch my eye
72%
Me? I guess I was a {shoulder} to cry on
71%
Tell me baby, do you {recognize} me?
70%
You'll never fool me {again}
70%
Maybe next {year} I'll give it to someone
69%
Oh, oh now I've found a {real} love
65%
Once {bitten} and twice shy
65%
My God, I thought you were someone to {rely} on
60%
A crowded {room}, friends with tired eyes
55%
{So} long
55%
A face on a lover with a {fire} in his heart
52%
A face on a lover with a {fire} in his heart (I gave you mine)
52%
But if you {kissed} me now, I know you'd fool me again
49%
{Happy} Christmas, I wrapped it up and sent it
42%
I'm hiding from you and your soul of {ice}
31%
Oh, oh, {baby}
30%

Score Distribution

Percentile by Number Answered

Percent of People with Each Score

Your Score History

You have not taken this quiz